Die Verwerthung des Holzes aut chemischen Wege. Eine Darstellung der Verfahren zur Gewinnung der Destillationsproducte des Holzes, der Essigsäure, des Holzgeistes, des Theeres und der Theeröle, des Kreosotes, des Röstholzes und der Kohlen, sowie zur Fabrikation von Alkohol (Holz-Spiritus) und Cellulose, der Gerb- und Farbstoff-Extracte, der ätherischen Oele und der Harze aus Rinden und Hölzern: Mit 68 Abbildungen

Bibliographic Details
Main Author: Bersch J. Josef
Summary:Напечатано готическим шрифтом
В описании используется грамматика 19 века
Раздельная пагинация страниц
Language:German
Published: Wien, A. Hartleben's Verlag, 1893
Edition:Zweite, sehr vermehrte Auflage
Series:A. Hartleben's chemisch-technische Bibliothek
Subjects:
Format: Book
KOHA link:https://koha.lib.tpu.ru/cgi-bin/koha/opac-detail.pl?biblionumber=680364

MARC

LEADER 00000nam0a2200000 4500
001 680364
005 20250604145909.0
090 |a 680364 
100 |a 20250528d1893 k||y0rusy50 ba 
101 0 |a ger 
102 |a DE 
105 |a a z 001yy 
181 0 |a i   |b  e  
182 0 |a n 
183 0 |a nc  |2 RDAcarrier 
200 1 |a Die Verwerthung des Holzes aut chemischen Wege. Eine Darstellung der Verfahren zur Gewinnung der Destillationsproducte des Holzes, der Essigsäure, des Holzgeistes, des Theeres und der Theeröle, des Kreosotes, des Röstholzes und der Kohlen, sowie zur Fabrikation von Alkohol (Holz-Spiritus) und Cellulose, der Gerb- und Farbstoff-Extracte, der ätherischen Oele und der Harze aus Rinden und Hölzern  |e Mit 68 Abbildungen  |f Dr. Josef Bersch 
203 |a Текст  |b визуальный  |c непосредственный 
205 |a Zweite, sehr vermehrte Auflage 
210 |a Wien  |a Pest  |a Leipzig  |c A. Hartleben's Verlag  |d 1893 
215 |a [16], VIII, 336 S.  |c il. 
225 1 |a A. Hartleben's chemisch-technische Bibliothek 
283 |a volume  |2 RDAcarrier 
300 |a Напечатано готическим шрифтом 
300 |a В описании используется грамматика 19 века 
300 |a Раздельная пагинация страниц 
316 |5 63413507: 10740   |a На переднем форзаце книготорговая марка: Polytechnische Buchhandlung A. Saydel №9 Mohren-Strasse №9 Berlin W. 
317 |5 63413507: 10740   |a Поступил в НТБ в 1910 г. в составе книжного собрания профессора ТТИ А. Э. Сабека 
320 |a Sachregister: S. 332-336 
512 1 |a Die Verwerthung des Holzes  |z ger 
541 1 |a Химическая обработка древесины.  |z rus 
606 |a Древесина  |x Химия  |9 37233 
610 1 |a химическая обработка 
610 1 |a переработка 
610 1 |a методы 
610 1 |a применение 
610 1 |a древесный спирт 
610 1 |a применение 
610 1 |a продукты переработки 
610 1 |a Коллекция А. Э. Сабека 
610 1 |a немецкий язык 
675 |a 630.8  |v 4 
700 1 |a Bersch  |b J.  |g Josef 
801 0 |a RU  |b 63413507  |c 20250528 
830 |a Ретро2025Каталогизация Кузнецова (РФ) 
850 |a 63413507 
942 |c BK